| 000 | 00444nam a2200133 4500 | ||
|---|---|---|---|
| 001 | 5243 | ||
| 005 | 20181127175104.0 | ||
| 090 | 0 | 0 | _a343.54 B5759L 2007 |
| 245 | 0 | 0 |
_aLand act of Bhutan 2007. _b _cOffice of the Attorney General. Royal Government of Bhutan. _h |
| 260 | 0 | 0 |
_aThimphu : _bRoyal Governnment of Bhutan, _c2007. |
| 300 | 0 | 0 | _a88 p. ; 25 cm. |
| 650 | 0 | 0 |
_aBhutan. Natives Land Act 2007. _x |
| 650 | 0 | 0 |
_aLand tenure--Law and legislation --Bhutan. _x |
| 999 |
_c4401 _d4401 |
||